| 000 | 00820nam a2200265 a 4500 | ||
|---|---|---|---|
| 001 | 59437 | ||
| 003 | BD-RjUL | ||
| 005 | 20211209080729.0 | ||
| 008 | 161224s1988 cou b 001 0 eng | ||
| 020 | _a0813305373 (alk. paper) | ||
| 035 | _a(BD-RjUL) 59561 | ||
| 040 |
_aDLC _cDLC _dDLC _dBD-RjUL _beng |
||
| 041 | _aeng | ||
| 082 | 0 | 0 |
_a355.033573 _223 _bOSN 1988 |
| 100 | 1 |
_aOsgood, Robert Endicott. _9176770 |
|
| 245 | 1 | 4 |
_aThe nuclear dilemma in American strategic thought / _cRobert E. Osgood. |
| 260 |
_aBoulder : _bWestview Press, _cc1988. |
||
| 300 |
_axiii, 138 p. ; _c24 cm. |
||
| 500 | _aIncludes index. | ||
| 504 | _aBibliography: p. 119-129. | ||
| 650 | 0 |
_aNuclear warfare. _9172507 |
|
| 650 | 0 |
_aDeterrence (Strategy) _9176771 |
|
| 651 | 0 |
_aUnited States _xMilitary policy. _9176084 |
|
| 942 |
_2ddc _cBK |
||
| 999 |
_c59437 _d59437 |
||